| 000 | 00602nam a2200205 4500 | ||
|---|---|---|---|
| 003 | OSt | ||
| 005 | 20240726015610.0 | ||
| 006 | a | ||
| 008 | 240726b |||||||| |||| 00| 0 eng d | ||
| 020 | _a978054009016 | ||
| 040 |
_aDWCL-Main lib. _cOC |
||
| 082 | _aGR. 912 Un58 2008 | ||
| 110 | _aThe Royal Geographical Society | ||
| 245 | _aUniversal atlas of the world / | ||
| 260 |
_aGreat Britain : _bPhilips : Octopus Publishing Group, _cc2008. |
||
| 300 |
_b584 p. : ill. (mostly col.) ; _c39 cm. |
||
| 504 | _aIncludes references and index. | ||
| 650 | _a1. Atlases. | ||
| 942 |
_2ddc _n0 _cGR _kGR. |
||
| 999 |
_c2775 _d2775 |
||